000 00362nam a2200133Ia 4500
008 220217s9999||||xx |||||||||||||| ||und||
082 _a621.381 KAS
100 _aKasap, S.O
_93031
245 0 _aPrinciples of electronicscircuits and devices
250 _a2nd
260 _aPrentice hall of india
_bNew Delhi
_c2002
300 _b315
650 _aCIRCUITRY
999 _c170724
_d170724